00437nam a22001457a 450000500170000000800410001702000140005804100130007208200160008510000290010124500520013026000510018230000320023365000260026520231107090625.0231107b |||||||| |||| 00| 0 eng d a409020206 aEnglish  a346.47 COP  aCopeling, AJC lEnglish  aCopyright Law in South Africa / cAJC Copeling  aDurban : bButterworth and Company Ltd, c1969 bxiii, 380 pages ; c23 cm.  aLegal practice bLaw